| 000 | 00573nam a2200229Ia 4500 | ||
|---|---|---|---|
| 005 | 20250425161732.0 | ||
| 008 | 250425s9999 xx 000 0 und d | ||
| 020 | _a9681846834 | ||
| 041 | _aspa | ||
| 082 | _a658.8 | ||
| 100 | _aGUERRA ESPINEL, GUILLERMO | ||
| 245 | 0 | _aGUIA DE MERCADEO PARA EL ADMINISTRADOR DE AGRONEGOCIOS | |
| 250 | _a1A ED. | ||
| 260 | _aMEXICO | ||
| 260 |
_aMéxico _bUTEHA _c1995 |
||
| 300 | _a105 | ||
| 650 | _aADMINISTRACION AGRICOLA | ||
| 650 | _aINVESTIGACION DE MERCADOS | ||
| 650 | _aMARKETING | ||
| 942 | _c01 | ||
| 010 | _a26918 | ||
| 999 |
_c215027 _d215027 |
||